Unknown demilitarized zones in the world - Statistics

General Stats
  • This quiz has been taken 55 times
  • The average score is 9 of 11
Answer Stats
Location Area (km2) Hint Country/region % Correct
Aegean sea Undetermined 3 groups of islands Greece/Turkey (shared)
91%
Arctic Ocean 61.022 Svalbard archipelago, inhabited Norway
91%
Black sea 0.205 Serpent´s island, inhabited Ukraine (official), Romania (reclaimed)
91%
North America 8.893 Demilitarized lakes, longest DMZ USA/Canada (shared)
91%
Arabian peninsula 2.850 Avoid a re-invasion, uninhabited Iraq/Kuwait (shared)
83%
Dniester valley 225 Transnistria civil war, uninhabited Moldova
83%
All areas located south of parallel 60 ° South 14’000.000 Scientific researches, inhabited Antarctica
79%
Black sea 0,08 St. Cyricus Island, uninhabited Bulgaria
77%
Balkan peninsula 950 Prevlaka peninsula, inhabited Croatia
77%
Gulf of Bothnia 1.580 Aland islands, inhabited Finland
74%
Red sea 20 Doumeira island, uninhabited Eritrea/Djibouti (reclaimed)
68%
No matching quizzes found
Score Distribution
Percent of People with Each Score
Percentile by Number Answered
Your Score History
You have not taken this quiz